<?xml version="1.0" encoding="UTF-8"?>
<collection xmlns="http://www.loc.gov/MARC21/slim">
 <record>
  <leader>03219nam a22005295a 4500</leader>
  <controlfield tag="001">CEM.cems010678</controlfield>
  <controlfield tag="008">130507s2000##################000#0#####d</controlfield>
  <controlfield tag="005">20231108102227.0</controlfield>
  <datafield tag="245" ind1="1" ind2="0">
   <subfield code="a">Ciencias sociales 9  /</subfield>
   <subfield code="c">María Ernestina Alonso ... [et Al.]</subfield>
  </datafield>
  <datafield tag="260" ind1=" " ind2=" ">
   <subfield code="a">Buenos Aires :</subfield>
   <subfield code="b">Aique ,</subfield>
   <subfield code="c">2000</subfield>
  </datafield>
  <datafield tag="300" ind1=" " ind2=" ">
   <subfield code="a">271 p.</subfield>
  </datafield>
  <datafield tag="490" ind1="0" ind2=" ">
   <subfield code="a">Colección Libros y +</subfield>
  </datafield>
  <datafield tag="500" ind1=" " ind2=" ">
   <subfield code="a">Para 9°año Egb</subfield>
  </datafield>
  <datafield tag="505" ind1="0" ind2=" ">
   <subfield code="a">La Argentina contemporánea : una sociedad entre problemas y utopías -- La configuración del territorio argentino -- El capitalismo en expansión -- Economía agraria exportadora y régimen oligárquico en la Argentina (1852-1930) -- Guerras, reorganización y globalización del capitalismo (1914-2000) -- Industrialización y luchas políticas en la Argentina 1930-1976) -- Disciplinamiento social y concentración de la riqueza (1976-2000) -- Ambientes y problemas ambientales de la Argentina -- La población argentina : trabajo y calidad de vida -- Los espacios rurales y las actividades económicas primarias en la Argentina -- Los espacios urbanos en la Argentina -- Integración, comercio y transporte en la Argentina actual</subfield>
  </datafield>
  <datafield tag="020" ind1=" " ind2=" ">
   <subfield code="a">9507016724</subfield>
  </datafield>
  <datafield tag="100" ind1="1" ind2=" ">
   <subfield code="a">Alonso, María Ernestina</subfield>
  </datafield>
  <datafield tag="700" ind1="1" ind2=" ">
   <subfield code="a">Blanco, Jorge</subfield>
  </datafield>
  <datafield tag="700" ind1="1" ind2=" ">
   <subfield code="a">Chaves, Silvia</subfield>
  </datafield>
  <datafield tag="700" ind1="1" ind2=" ">
   <subfield code="a">Fernández Caso, María Victoria</subfield>
  </datafield>
  <datafield tag="700" ind1="1" ind2=" ">
   <subfield code="a">Gurevich, Raquel</subfield>
  </datafield>
  <datafield tag="700" ind1="1" ind2=" ">
   <subfield code="a">Lewcowicz, Mariana</subfield>
  </datafield>
  <datafield tag="700" ind1="1" ind2=" ">
   <subfield code="a">Mazzeo, Miguel</subfield>
  </datafield>
  <datafield tag="700" ind1="1" ind2=" ">
   <subfield code="a">Vázquez, Enrique</subfield>
  </datafield>
  <datafield tag="082" ind1="0" ind2="4">
   <subfield code="a">Z302</subfield>
  </datafield>
  <datafield tag="653" ind1=" " ind2=" ">
   <subfield code="a">Ciencias sociales</subfield>
  </datafield>
  <datafield tag="653" ind1=" " ind2=" ">
   <subfield code="a">Ciencias sociales-9°egb</subfield>
  </datafield>
  <datafield tag="653" ind1=" " ind2=" ">
   <subfield code="a">Geografía argentina</subfield>
  </datafield>
  <datafield tag="653" ind1=" " ind2=" ">
   <subfield code="a">Historia argentina</subfield>
  </datafield>
  <datafield tag="859" ind1=" " ind2=" ">
   <subfield code="a">CEMS</subfield>
   <subfield code="b">BIB. CEMS - Agricultura</subfield>
   <subfield code="h">302</subfield>
   <subfield code="i">AL722</subfield>
   <subfield code="p">A3630.23</subfield>
   <subfield code="t">Ej.1</subfield>
   <subfield code="3">9°</subfield>
  </datafield>
  <datafield tag="859" ind1=" " ind2=" ">
   <subfield code="a">CEMS</subfield>
   <subfield code="b">BIB. CEMS - 11 de abril</subfield>
   <subfield code="h">Z302</subfield>
   <subfield code="i">AL64-1</subfield>
   <subfield code="p">21295.01</subfield>
   <subfield code="t">Ej.1</subfield>
   <subfield code="v">9º</subfield>
   <subfield code="3">9º</subfield>
  </datafield>
  <datafield tag="859" ind1=" " ind2=" ">
   <subfield code="a">CEMS</subfield>
   <subfield code="b">BIB. CEMS - 11 de abril</subfield>
   <subfield code="h">Z302</subfield>
   <subfield code="i">AL64-1</subfield>
   <subfield code="p">21296.01</subfield>
   <subfield code="t">Ej.3</subfield>
   <subfield code="v">9º</subfield>
   <subfield code="3">9º</subfield>
  </datafield>
  <datafield tag="859" ind1=" " ind2=" ">
   <subfield code="a">CEMS</subfield>
   <subfield code="b">BIB. CEMS - 11 de abril</subfield>
   <subfield code="h">Z302</subfield>
   <subfield code="i">AL64-1</subfield>
   <subfield code="p">21297.01</subfield>
   <subfield code="t">Ej.4</subfield>
   <subfield code="v">9º</subfield>
   <subfield code="3">9º</subfield>
  </datafield>
  <datafield tag="859" ind1=" " ind2=" ">
   <subfield code="a">CEMS</subfield>
   <subfield code="b">BIB. CEMS - 11 de abril</subfield>
   <subfield code="h">Z302</subfield>
   <subfield code="i">AL64-1</subfield>
   <subfield code="p">21581.01</subfield>
   <subfield code="t">Ej.5</subfield>
   <subfield code="v">9º</subfield>
   <subfield code="3">9º</subfield>
  </datafield>
  <datafield tag="859" ind1=" " ind2=" ">
   <subfield code="a">CEMS</subfield>
   <subfield code="b">BIB. CEMS - 11 de abril</subfield>
   <subfield code="h">Z302</subfield>
   <subfield code="i">AL64-1</subfield>
   <subfield code="p">21583.01</subfield>
   <subfield code="t">Ej.6</subfield>
   <subfield code="v">9º</subfield>
   <subfield code="3">9º</subfield>
  </datafield>
  <datafield tag="859" ind1=" " ind2=" ">
   <subfield code="a">CEMS</subfield>
   <subfield code="b">BIB. CEMS - 11 de abril</subfield>
   <subfield code="h">Z302</subfield>
   <subfield code="i">AL64-1</subfield>
   <subfield code="p">21584.01</subfield>
   <subfield code="t">Ej.7</subfield>
   <subfield code="v">9º</subfield>
   <subfield code="3">9º</subfield>
  </datafield>
  <datafield tag="859" ind1=" " ind2=" ">
   <subfield code="a">CEMS</subfield>
   <subfield code="b">BIB. CEMS - 11 de abril</subfield>
   <subfield code="h">Z302</subfield>
   <subfield code="i">AL64-1</subfield>
   <subfield code="p">21585.01</subfield>
   <subfield code="t">Ej.8</subfield>
   <subfield code="v">9º</subfield>
   <subfield code="3">9º</subfield>
  </datafield>
  <datafield tag="859" ind1=" " ind2=" ">
   <subfield code="a">CEMS</subfield>
   <subfield code="b">BIB. CEMS - 11 de abril</subfield>
   <subfield code="h">Z302</subfield>
   <subfield code="i">AL64-1</subfield>
   <subfield code="p">21674.02</subfield>
   <subfield code="t">Ej.9</subfield>
   <subfield code="v">9º</subfield>
   <subfield code="3">9º</subfield>
  </datafield>
  <datafield tag="859" ind1=" " ind2=" ">
   <subfield code="a">CEMS</subfield>
   <subfield code="b">BIB. CEMS - 11 de abril</subfield>
   <subfield code="h">Z302</subfield>
   <subfield code="i">AL64-1</subfield>
   <subfield code="p">21675.02</subfield>
   <subfield code="t">Ej.10</subfield>
   <subfield code="v">9º</subfield>
   <subfield code="3">9º</subfield>
  </datafield>
  <datafield tag="859" ind1=" " ind2=" ">
   <subfield code="a">CEMS</subfield>
   <subfield code="b">BIB. CEMS - 11 de abril</subfield>
   <subfield code="h">Z302</subfield>
   <subfield code="i">AL64-1</subfield>
   <subfield code="p">21676.02</subfield>
   <subfield code="t">Ej.11</subfield>
   <subfield code="v">9º</subfield>
   <subfield code="3">9º</subfield>
  </datafield>
  <datafield tag="859" ind1=" " ind2=" ">
   <subfield code="a">CEMS</subfield>
   <subfield code="b">BIB. CEMS - 11 de abril</subfield>
   <subfield code="h">Z302</subfield>
   <subfield code="i">AL64-1</subfield>
   <subfield code="p">21677.02</subfield>
   <subfield code="t">Ej.12</subfield>
   <subfield code="v">9º</subfield>
   <subfield code="3">9º</subfield>
  </datafield>
  <datafield tag="859" ind1=" " ind2=" ">
   <subfield code="a">CEMS</subfield>
   <subfield code="b">BIB. CEMS - 11 de abril</subfield>
   <subfield code="h">Z302</subfield>
   <subfield code="i">AL64-1</subfield>
   <subfield code="p">21678.02</subfield>
   <subfield code="t">Ej.13</subfield>
   <subfield code="v">9º</subfield>
   <subfield code="3">9º</subfield>
  </datafield>
  <datafield tag="859" ind1=" " ind2=" ">
   <subfield code="a">CEMS</subfield>
   <subfield code="b">BIB. CEMS - 11 de abril</subfield>
   <subfield code="h">Z302</subfield>
   <subfield code="i">AL64-1</subfield>
   <subfield code="p">21718.02</subfield>
   <subfield code="t">Ej.14</subfield>
   <subfield code="v">9º</subfield>
   <subfield code="3">9º</subfield>
  </datafield>
  <datafield tag="859" ind1=" " ind2=" ">
   <subfield code="a">CEMS</subfield>
   <subfield code="b">BIB. CEMS - 11 de abril</subfield>
   <subfield code="h">Z302</subfield>
   <subfield code="i">AL64-1</subfield>
   <subfield code="p">21719.02</subfield>
   <subfield code="t">Ej.15</subfield>
   <subfield code="v">9º</subfield>
   <subfield code="3">9º</subfield>
  </datafield>
  <datafield tag="859" ind1=" " ind2=" ">
   <subfield code="a">CEMS</subfield>
   <subfield code="b">BIB. CEMS - 11 de abril</subfield>
   <subfield code="h">Z302</subfield>
   <subfield code="i">AL64-1</subfield>
   <subfield code="p">21720.02</subfield>
   <subfield code="t">Ej.16</subfield>
   <subfield code="v">9º</subfield>
   <subfield code="3">9º</subfield>
  </datafield>
  <datafield tag="859" ind1=" " ind2=" ">
   <subfield code="a">CEMS</subfield>
   <subfield code="b">BIB. CEMS - 11 de abril</subfield>
   <subfield code="h">Z302</subfield>
   <subfield code="i">AL64-1</subfield>
   <subfield code="p">21721.02</subfield>
   <subfield code="t">Ej.17</subfield>
   <subfield code="v">9º</subfield>
   <subfield code="3">9º</subfield>
  </datafield>
  <datafield tag="859" ind1=" " ind2=" ">
   <subfield code="a">CEMS</subfield>
   <subfield code="b">BIB. CEMS - 11 de abril</subfield>
   <subfield code="h">Z302</subfield>
   <subfield code="i">AL64-1</subfield>
   <subfield code="p">21722.02</subfield>
   <subfield code="t">Ej.18</subfield>
   <subfield code="v">9º</subfield>
   <subfield code="3">9º</subfield>
  </datafield>
  <datafield tag="859" ind1=" " ind2=" ">
   <subfield code="a">CEMS</subfield>
   <subfield code="b">BIB. CEMS - 11 de abril</subfield>
   <subfield code="h">Z302</subfield>
   <subfield code="i">AL64-1</subfield>
   <subfield code="p">21582.01</subfield>
   <subfield code="t">Ej.19</subfield>
   <subfield code="v">9º</subfield>
   <subfield code="3">9º</subfield>
  </datafield>
 </record>
</collection>
